<?xml version="1.0" encoding="UTF-8"?>
<record
    xmlns:xsi="http://www.w3.org/2001/XMLSchema-instance"
    xsi:schemaLocation="http://www.loc.gov/MARC21/slim http://www.loc.gov/standards/marcxml/schema/MARC21slim.xsd"
    xmlns="http://www.loc.gov/MARC21/slim">

  <leader>00771nam a22002177a 4500</leader>
  <controlfield tag="003">OSt</controlfield>
  <controlfield tag="005">20131021110412.0</controlfield>
  <controlfield tag="008">130514s1999    sp ||||| |||| 00| 0 spa d</controlfield>
  <datafield tag="020" ind1=" " ind2=" ">
    <subfield code="a">8483731290</subfield>
  </datafield>
  <datafield tag="040" ind1=" " ind2=" ">
    <subfield code="c">CDMR</subfield>
  </datafield>
  <datafield tag="100" ind1="1" ind2=" ">
    <subfield code="9">1838</subfield>
    <subfield code="a">Armentia Vizuete, Jos&#xE9; Ignacio</subfield>
  </datafield>
  <datafield tag="245" ind1="1" ind2="0">
    <subfield code="a">Dise&#xF1;o y periodismo electr&#xF3;nico</subfield>
    <subfield code="c">Jos&#xE9; Ignacio Armentia Vizuete, Jon Elexgaray Arias, Juan Carlos P&#xE9;rez Fuentes</subfield>
  </datafield>
  <datafield tag="260" ind1=" " ind2=" ">
    <subfield code="a">[Bilbao]</subfield>
    <subfield code="b">Universidad del Pa&#xED;s Vasco. Servicio Editorial</subfield>
    <subfield code="b">Euskal Herriko Unibertsitatea. Argitalpen zerbitzua</subfield>
    <subfield code="c">1999</subfield>
  </datafield>
  <datafield tag="300" ind1=" " ind2=" ">
    <subfield code="a">275 p.</subfield>
  </datafield>
  <datafield tag="650" ind1="0" ind2="4">
    <subfield code="9">3188</subfield>
    <subfield code="a">Premsa digital</subfield>
  </datafield>
  <datafield tag="650" ind1="0" ind2="4">
    <subfield code="9">3186</subfield>
    <subfield code="a">Edici&#xF3; de webs</subfield>
  </datafield>
  <datafield tag="650" ind1="0" ind2="4">
    <subfield code="9">1840</subfield>
    <subfield code="a">Diaris</subfield>
    <subfield code="x">Disseny</subfield>
  </datafield>
  <datafield tag="700" ind1="1" ind2=" ">
    <subfield code="9">3412</subfield>
    <subfield code="a">Elexgaray Arias, Jon</subfield>
  </datafield>
  <datafield tag="700" ind1="1" ind2=" ">
    <subfield code="9">3413</subfield>
    <subfield code="a">P&#xE9;rez Fuentes, Juan Carlos</subfield>
  </datafield>
  <datafield tag="942" ind1=" " ind2=" ">
    <subfield code="2">udc</subfield>
    <subfield code="c">MON</subfield>
  </datafield>
  <datafield tag="999" ind1=" " ind2=" ">
    <subfield code="c">6226</subfield>
    <subfield code="d">6226</subfield>
  </datafield>
  <datafield tag="952" ind1=" " ind2=" ">
    <subfield code="0">0</subfield>
    <subfield code="1">0</subfield>
    <subfield code="4">0</subfield>
    <subfield code="7">0</subfield>
    <subfield code="a">CDMR</subfield>
    <subfield code="b">CDMR</subfield>
    <subfield code="d">2013-01-16</subfield>
    <subfield code="l">0</subfield>
    <subfield code="o">Dm /17</subfield>
    <subfield code="p">CDMR13056391</subfield>
    <subfield code="r">2013-05-14</subfield>
    <subfield code="w">2013-05-14</subfield>
    <subfield code="y">MON</subfield>
  </datafield>
</record>
